| 000 | 00710nam a22002297a 4500 | ||
|---|---|---|---|
| 003 | OSt | ||
| 005 | 20220107122834.0 | ||
| 008 | 171122b xxu||||| |||| 00| 0 eng d | ||
| 020 | _a9781783980307 | ||
| 040 | _cIIITMK | ||
| 100 |
_aShrivastava, Anurag _913256 |
||
| 245 |
_aHadoop blueprints: _bUse hadoop to solve business problems by learning from a rich set of real- life case studies |
||
| 260 |
_aBrimingham, _bPackt publishing, _c2016. |
||
| 300 | _avii,298p | ||
| 650 |
_aHADOOP _913257 |
||
| 650 |
_aCOMPUTER SCIENCE _913268 |
||
| 650 |
_aBIG DATA _913258 |
||
| 650 |
_aPROGRAMMING LANGUAGE _913259 |
||
| 650 |
_aCOMPUTER PROGRAMMING _913260 |
||
| 700 |
_aDeshpande, Tanmay _913261 |
||
| 942 |
_2ddc _cBK |
||
| 999 |
_c5903 _d5903 |
||